Online katalóg knižníc regiónu Turca

Vzdušné zámky (Record no. 22583)

MARC details
000 -LEADER
fixed length control field 01183cam a2200373 a 4500
001 - CONTROL NUMBER
control field 22583
003 - CONTROL NUMBER IDENTIFIER
control field SK-KTurca
005 - DATE AND TIME OF LATEST TRANSACTION
control field 20260401141407.0
008 - FIXED-LENGTH DATA ELEMENTS--GENERAL INFORMATION
fixed length control field 141028s2014 xo a j 000 f slo d
015 ## - NATIONAL BIBLIOGRAPHY NUMBER
National bibliography number SNBA2014/09
020 ## - INTERNATIONAL STANDARD BOOK NUMBER
International Standard Book Number 9788055611112 (viaz.)
035 ## - SYSTEM CONTROL NUMBER
System control number a000517828
040 ## - CATALOGING SOURCE
Original cataloging agency POKPOH
Language of cataloging slo
Transcribing agency UKB
Modifying agency SNK
Description conventions AACR2
041 1# - LANGUAGE CODE
Language code of text/sound track or separate title slo
Language code of original eng
044 ## - COUNTRY OF PUBLISHING/PRODUCING ENTITY CODE
MARC country code xo
ISO country code SK
072 #7 - SUBJECT CATEGORY CODE
Subject category code 821.111-3
Subject category code subdivision Anglická próza, anglicky písaná
Source konspekt
072 #7 - SUBJECT CATEGORY CODE
Subject category code 821-93
Subject category code subdivision Literatúra pre deti a mládež (beletria)
Source konspekt
080 ## - UNIVERSAL DECIMAL CLASSIFICATION NUMBER
Universal Decimal Classification number 821.111-31
Edition identifier 2004
080 ## - UNIVERSAL DECIMAL CLASSIFICATION NUMBER
Universal Decimal Classification number 821-93
Edition identifier 2004
080 ## - UNIVERSAL DECIMAL CLASSIFICATION NUMBER
Universal Decimal Classification number (0:82-31)
Edition identifier 2004
100 1# - MAIN ENTRY--PERSONAL NAME
Personal name Wilson, Jacqueline,
Dates associated with a name 1945-
240 10 - UNIFORM TITLE
Uniform title Hetty Feather.
Language of a work Slovensky
245 10 - TITLE STATEMENT
Title Vzdušné zámky
Statement of responsibility, etc. Jacqueline Wilsonová ; ilustroval Nick Sharratt ; [z anglického originálu preložila Jana Vlašičová]
260 ## - PUBLICATION, DISTRIBUTION, ETC.
Place of publication, distribution, etc. Bratislava
Name of publisher, distributor, etc. Slovart
Date of publication, distribution, etc. c2014
300 ## - PHYSICAL DESCRIPTION
Extent 357, [1] s.
Other physical details il.
653 ## - INDEX TERM--UNCONTROLLED
Uncontrolled term 821.111-31
653 ## - INDEX TERM--UNCONTROLLED
Uncontrolled term 821-93
653 ## - INDEX TERM--UNCONTROLLED
Uncontrolled term (0:82-31)
655 #7 - INDEX TERM--GENRE/FORM
Genre/form data or focus term anglické romány
Source of term UKBPH
655 #7 - INDEX TERM--GENRE/FORM
Genre/form data or focus term publikácie pre deti
Source of term UKBPH
700 1# - ADDED ENTRY--PERSONAL NAME
Personal name Sharratt, Nick,
Dates associated with a name 1962-
Relationship ill
700 1# - ADDED ENTRY--PERSONAL NAME
Personal name Vlašičová, Jana
Relationship trl
942 ## - ADDED ENTRY ELEMENTS (KOHA)
Source of classification or shelving scheme Dewey Decimal Classification
Koha item type Krásna literatúra pre deti
Suppress in OPAC No
Holdings
Stav vyradenia Strata Poškodenie Spôsob nadobudnutia Domovská knižnica Aktuálna knižnica Dátum nadobudnutia Total checkouts Čiarový kód exemplára Date last seen Typ exemplára
      Dar Obecná knižnica Turčianska Štiavnička Obecná knižnica Turčianska Štiavnička 01.04.2026   4738000911 01.04.2026 Krásna literatúra pre deti
Projekt je podporený Slovenskou asociáciou knižníc
Prevádzkuje Turčianska knižnica Martin 2026